00845cam a2200241 i 450000100060000000300080000600500170001400800410003103500190007204000270009104100080011808200220012610000270014824500780017525000120025326000460026530000240031165000360033565000530037194200120042499900170043695201500045333748BD-RjUL20211209052044.0140511s1974 ii 000 0 eng d a(BD-RjUL)33839 aDLCcDLCdBD-RjULbeng aeng00a362.82bMAV 19741 aMankekar, Kamla97779910aVoluntary effort in family planning :ba brief history /cKamla Mankekar. a1st ed. aNew Delhi :bAbhinav Publications,c1974. a[8] 97 p. ;c23 cm. 0aFamily planningzIndia.9102460 0aAssociations, institutions, etc.zIndia.9102461 2ddccBK c33748d33748 00102ddc40718NFICaRUCLbRUCLcReadingd1979-03-17eIndia Int. Calcatag10.00l0o362.82 MAV 1974r2014-05-11 00:00:00tC-1w2014-05-11yBK